000 01094nam a2200289Ia 4500
001 ebr10175739
003 CaPaEBR
006 m u
007 cr cn|||||||||
008 070222s2007 enk s 000 0 eng d
020 _z9781403975201 (hbk.)
020 _z1403975205 (hbk.)
040 _aCaPaEBR
_cCaPaEBR
035 _a(OCoLC)320325126
050 1 4 _aJZ1318
_b.C56 2007eb
082 0 4 _a327.1
_222
100 1 _aChong, Alan.
245 1 0 _aForeign policy in global information space
_h[electronic resource] :
_bactualizing soft power /
_cAlan Chong.
260 _aBasingstoke :
_bPalgrave Macmillan,
_c2007.
300 _axiii, 240 p.
533 _aElectronic reproduction.
_bPalo Alto, Calif. :
_cebrary,
_d2009.
_nAvailable via World Wide Web.
_nAccess may be limited to ebrary affiliated libraries.
650 0 _aInternational relations.
650 0 _aGlobalization.
655 7 _aElectronic books.
_2local
710 2 _aebrary, Inc.
856 4 0 _uhttp://site.ebrary.com/lib/rucke/Doc?id=10175739
_zAn electronic book accessible through the World Wide Web; click to view
999 _c237994
_d237994